| 000 | 00414nam a2200145Ia 4500 | ||
|---|---|---|---|
| 003 | GCL | ||
| 005 | 20240530105328.0 | ||
| 008 | 140319s9999 xx 000 0 ara d | ||
| 040 |
_aGCL / _cGCL |
||
| 082 | 0 | 4 |
_a613 _bن م |
| 100 | _aنزيه جابر | ||
| 245 | 1 | 0 |
_aموسوعة عالم الطبابة والصحة _cنزيه جابر |
| 260 |
_a[S.N] : _bدار الراتب الجامعية |
||
| 942 |
_2ddc _cBK |
||
| 999 |
_c54970 _d54970 |
||